<?xml version="1.0" encoding="UTF-8"?>
<record
    xmlns:xsi="http://www.w3.org/2001/XMLSchema-instance"
    xsi:schemaLocation="http://www.loc.gov/MARC21/slim http://www.loc.gov/standards/marcxml/schema/MARC21slim.xsd"
    xmlns="http://www.loc.gov/MARC21/slim">

  <leader>00702nam a2200193 a 4500</leader>
  <controlfield tag="001">2870</controlfield>
  <controlfield tag="003">CDMR</controlfield>
  <controlfield tag="005">20150723121501.0</controlfield>
  <controlfield tag="008">130130s2002||||||||||||||||||||||||||||d</controlfield>
  <datafield tag="020" ind1=" " ind2=" ">
    <subfield code="a">8493038474</subfield>
  </datafield>
  <datafield tag="040" ind1=" " ind2=" ">
    <subfield code="a">CDMR</subfield>
    <subfield code="b">cat</subfield>
    <subfield code="c">CDMR</subfield>
  </datafield>
  <datafield tag="100" ind1="1" ind2=" ">
    <subfield code="a">Vinyas i Comas, Joan</subfield>
    <subfield code="9">2106</subfield>
  </datafield>
  <datafield tag="245" ind1="1" ind2="0">
    <subfield code="a">Mem&#xF2;ries d'un giron&#xED;</subfield>
    <subfield code="c">Joan Vinyas i Comas. Una visi&#xF3; de la premsa de Girona / per Llu&#xED;s Costa</subfield>
    <subfield code="b">: una visi&#xF3; de la premsa de Girona (estudi introductori)</subfield>
  </datafield>
  <datafield tag="260" ind1=" " ind2=" ">
    <subfield code="a">[Girona]</subfield>
    <subfield code="c">2002</subfield>
    <subfield code="b">Col&#xB7;legi de Periodistes de Catalunya. Demarcaci&#xF3; de Girona</subfield>
  </datafield>
  <datafield tag="490" ind1="0" ind2=" ">
    <subfield code="a">Papers de comunicaci&#xF3;</subfield>
    <subfield code="v">2</subfield>
  </datafield>
  <datafield tag="700" ind1="1" ind2=" ">
    <subfield code="9">647</subfield>
    <subfield code="a">Costa i Fern&#xE1;ndez, Llu&#xED;s</subfield>
  </datafield>
  <datafield tag="740" ind1="4" ind2=" ">
    <subfield code="a">Una visi&#xF3; de la premsa de Girona</subfield>
  </datafield>
  <datafield tag="942" ind1=" " ind2=" ">
    <subfield code="c">MON</subfield>
    <subfield code="2">udc</subfield>
  </datafield>
  <datafield tag="999" ind1=" " ind2=" ">
    <subfield code="c">2870</subfield>
    <subfield code="d">2870</subfield>
  </datafield>
  <datafield tag="952" ind1=" " ind2=" ">
    <subfield code="0">0</subfield>
    <subfield code="1">0</subfield>
    <subfield code="4">0</subfield>
    <subfield code="7">0</subfield>
    <subfield code="a">CDMR</subfield>
    <subfield code="b">CDMR</subfield>
    <subfield code="d">2013-01-16</subfield>
    <subfield code="l">0</subfield>
    <subfield code="o">Du 1/15</subfield>
    <subfield code="p">CDMR13108233</subfield>
    <subfield code="r">2013-01-16</subfield>
    <subfield code="w">2013-01-16</subfield>
    <subfield code="y">MON</subfield>
  </datafield>
  <datafield tag="952" ind1=" " ind2=" ">
    <subfield code="0">0</subfield>
    <subfield code="1">0</subfield>
    <subfield code="4">0</subfield>
    <subfield code="7">0</subfield>
    <subfield code="a">GIRONA</subfield>
    <subfield code="b">GIRONA</subfield>
    <subfield code="d">2010-12-03</subfield>
    <subfield code="l">0</subfield>
    <subfield code="o">Bg 315 (2)</subfield>
    <subfield code="p">GIRONA13108235</subfield>
    <subfield code="r">2013-01-16</subfield>
    <subfield code="w">2013-01-16</subfield>
    <subfield code="y">MON</subfield>
  </datafield>
  <datafield tag="952" ind1=" " ind2=" ">
    <subfield code="0">0</subfield>
    <subfield code="1">0</subfield>
    <subfield code="4">0</subfield>
    <subfield code="7">0</subfield>
    <subfield code="a">GIRONA</subfield>
    <subfield code="b">GIRONA</subfield>
    <subfield code="d">2010-12-03</subfield>
    <subfield code="l">0</subfield>
    <subfield code="o">Bg 315</subfield>
    <subfield code="p">GIRONA13108234</subfield>
    <subfield code="r">2013-01-16</subfield>
    <subfield code="w">2013-01-16</subfield>
    <subfield code="y">MON</subfield>
  </datafield>
</record>
